| 000 | 00668cam a22002173a 4500 | ||
|---|---|---|---|
| 001 | 37979 | ||
| 003 | PGUSA | ||
| 005 | 20140828083832.0 | ||
| 008 | 111111s2011||||xxu|||||s|||||000 | eng d | ||
| 040 |
_aPGUSA _beng |
||
| 042 | _adc | ||
| 100 | 1 | _aVerga, Giovanni | |
| 245 | 1 | 0 |
_aUnder the Shadow of Etna : _bSicilian Stories from the Italian of Giovanni Verga _h[electronic resource] / _cGiovanni Verga |
| 260 |
_bProject Gutenberg, _c2011 |
||
| 506 | _aPublic domain in the USA. | ||
| 516 | _aElectronic text | ||
| 700 | 1 |
_aDole, Nathan Haskell, _d1852-1935 |
|
| 830 | 0 |
_aProject Gutenberg _v37979 |
|
| 856 | 4 | 0 | _uhttp://www.gutenberg.org/ebooks/37979 |
| 942 | _cEB | ||
| 999 |
_c267233 _d267233 |
||